000 00572nam a2200205Ia 4500
005 20250326140515.0
008 250326s9999 xx 000 0 und d
020 _a0-256-13219-4
037 _aTextbook
040 _aFMSL
_beng
_cFMSL
041 _aeng
_2eng
084 _aX:89A N5
_qFMSL
100 _aAquilano Nicholas
_9742488
245 0 _aFundamentals of operations management
_cAquilano Nicholas And Others
250 _a2
260 _aLondon
_bLondon, Irwin
_c1995
300 _axviii,667
942 _cTB
_hX:89A N5
999 _c1286106
_d1286106